<?xml version="1.0" encoding="UTF-8"?>
<collection xmlns="http://www.loc.gov/MARC21/slim">
 <record>
  <leader>01490nam a22002417a 4500</leader>
  <controlfield tag="001">NCT_58483</controlfield>
  <controlfield tag="008">190119b        xxu||||| |||| 00| 0 vie d</controlfield>
  <datafield tag="999" ind1=" " ind2=" ">
   <subfield code="c">2833</subfield>
   <subfield code="d">2833</subfield>
  </datafield>
  <datafield tag="020" ind1=" " ind2=" ">
   <subfield code="a">9786046971382</subfield>
   <subfield code="c">225000</subfield>
  </datafield>
  <datafield tag="082" ind1="0" ind2="4">
   <subfield code="2">23rd ed.</subfield>
   <subfield code="a">398.20953</subfield>
   <subfield code="b">Ga734</subfield>
  </datafield>
  <datafield tag="100" ind1="1" ind2=" ">
   <subfield code="a">Galland, Antoine</subfield>
  </datafield>
  <datafield tag="245" ind1="1" ind2="0">
   <subfield code="a">Nghìn lẻ một đêm </subfield>
   <subfield code="c">Antoine Galland ; Phan Quang (giới thiệu và dịch)</subfield>
  </datafield>
  <datafield tag="250" ind1=" " ind2=" ">
   <subfield code="a">Tái bản lần thứ 37</subfield>
  </datafield>
  <datafield tag="260" ind1=" " ind2=" ">
   <subfield code="a">H.</subfield>
   <subfield code="b">Văn học</subfield>
   <subfield code="c">2017</subfield>
  </datafield>
  <datafield tag="300" ind1=" " ind2=" ">
   <subfield code="a">1164 tr.</subfield>
   <subfield code="c">24cm</subfield>
  </datafield>
  <datafield tag="500" ind1=" " ind2=" ">
   <subfield code="a">Dịch từ bản tiếng Pháp của Antoine Galland </subfield>
  </datafield>
  <datafield tag="520" ind1="3" ind2=" ">
   <subfield code="a">Là tác phẩm thể hiện tới mức hoàn hảo kì diệu xu hướng của nhân dân lao động muốn buông mình theo phép nhiệm màu của những ảo giác êm đẹp, theo sự kết họp phóng khoáng của từ ngữ thể hiện sức mạnh vũ bão của trí tưởng tượng hoa mĩ của các dân tộc phương Đông.</subfield>
  </datafield>
  <datafield tag="653" ind1=" " ind2=" ">
   <subfield code="a">Sách tham khảo</subfield>
  </datafield>
  <datafield tag="700" ind1="1" ind2=" ">
   <subfield code="a">Phan Quang</subfield>
   <subfield code="e">Giới thiệu và dịch</subfield>
  </datafield>
  <datafield tag="942" ind1=" " ind2=" ">
   <subfield code="2">ddc</subfield>
   <subfield code="c">BK</subfield>
  </datafield>
  <datafield tag="952" ind1=" " ind2=" ">
   <subfield code="0">0</subfield>
   <subfield code="1">0</subfield>
   <subfield code="2">ddc</subfield>
   <subfield code="4">0</subfield>
   <subfield code="6">398_209530000000000_GA734</subfield>
   <subfield code="7">0</subfield>
   <subfield code="9">15344</subfield>
   <subfield code="a">000001</subfield>
   <subfield code="b">000001</subfield>
   <subfield code="d">2019-01-19</subfield>
   <subfield code="o">398.20953 Ga734</subfield>
   <subfield code="p">TK.01335</subfield>
   <subfield code="r">2019-01-19</subfield>
   <subfield code="v">225000.00</subfield>
   <subfield code="w">2019-01-19</subfield>
   <subfield code="y">BK</subfield>
  </datafield>
  <datafield tag="952" ind1=" " ind2=" ">
   <subfield code="0">0</subfield>
   <subfield code="1">0</subfield>
   <subfield code="2">ddc</subfield>
   <subfield code="4">0</subfield>
   <subfield code="6">398_209530000000000_GA734</subfield>
   <subfield code="7">0</subfield>
   <subfield code="9">15345</subfield>
   <subfield code="a">000001</subfield>
   <subfield code="b">000001</subfield>
   <subfield code="d">2019-01-19</subfield>
   <subfield code="o">398.20953 Ga734</subfield>
   <subfield code="p">TK.01336</subfield>
   <subfield code="r">2019-01-19</subfield>
   <subfield code="v">225000.00</subfield>
   <subfield code="w">2019-01-19</subfield>
   <subfield code="y">BK</subfield>
  </datafield>
  <datafield tag="980" ind1=" " ind2=" ">
   <subfield code="a">Thư viện Trường Đại học Nam Cần Thơ</subfield>
  </datafield>
 </record>
</collection>
